Statistiken für Automarken nach Logos 3

Klicken Sie hier um das Quiz zu spielen!

Allgemein

  • Dieses Quiz wurde 3.879 mal gespielt
  • Das Durchschnittsergebnis liegt bei 9 aus 14

Antwortstatistiken

Antwort% Korrekt
Volkswagen
99%
Porsche
95%
Ferrari
90%
Bentley
83%
Maserati
78%
Rolls-Royce
77%
Lamborghini
72%
Bugatti
67%
Abarth
59%
Corvette
53%
Mclaren
53%
Cadillac
52%
BMW M
45%
SsangYong
17%

Verteilung der Resultate

Perzentil nach korrekt beantworteten Fragen

Anzahl Personen mit jedem Resultat

Ihre Resultats-Entwicklung

Sie haben dieses Quiz noch nicht gespielt